000 01608nam a2200409 i 4500
005 20220317002028.0
007 ta
008 201110s2020 ck a br 000 jdspa d
020 _a9789583060021
040 _aCO-BoRNBP
_bspa
_cCO-BoRNBP
_erda
041 1 _aspa
_heng
084 _aC GIA2
100 1 _aGiardino, Alexandría
_eautora
245 1 0 _aOda a una cebolla
_ctextos de Alexandría Giardíno ; ilustraciones Felicita Sala ; traducción Juan Fernando Merino
246 3 4 _aOda a una cebolla
_bPablo Neruda y su musa
250 _aPrimera edición
264 1 _aBogotá
_bPanamericana
_c2020
300 _a34 páginas
_bilustraciones
_c31 cm
336 _2rdacontent
_atexto
_btxt
337 _2rdamedia
_asin mediación
_bn
338 _2rdacarrier
_avolumen
_bnc
490 0 _aRayuela
521 _aRecomendado para un público infantil mayor de 6 años
534 _tOde to an onion
545 _aIncluye datos biográficos de la autora, ilustradora y de Pablo Neruda y Matilde Urrutia al final del texto
600 1 4 _aNeruda, Pablo
_d1904-1973
_tOda a la cebolla
_xAdaptaciones literarias
_vCuentos
_9158472
650 1 7 _2LEMB
_aCuentos infantiles estadounidenses
_ySiglo XX
650 1 7 _2LEMB
_aLiteratura infantil estadounidense
_ySiglo XX
650 1 7 _2LEMB
_aAutores estadounidenses
_ySiglo XX
650 1 7 _2LEMB
_aPoetas chilenos
_vCuentos
650 1 7 _2LEMB
_aAmistad
_vCuentos
650 1 7 _2LEMB
_aFelicidad
_vCuentos
650 1 7 _2LEMB
_aCebollas
_vCuentos
700 1 _aSala, Felicita
_eilustradora
_9158474
700 1 _aMerino, Juan Fernando
_etraductor
_9158475
942 _2loc
_cBKLIT
999 _c8945
_d8945